000 00625nam a2200169Ia 4500
005 20250923145134.0
008 008 250917s9999 xx 000 0 eng d
037 _aTextual
040 _aDSWL
_beng
_cDSWL
041 _aeng
_2eng
084 _aT:3*Y:7:7:7)p5,N67, N67
_qDSWL
245 0 _aEuropean Meeting of community development-Trainers; 1967
_cby Ministry of cultural Affairs, Recration & Social Welfare
260 _aNetherland
_bMinistry of cultural Affairs, Recration & Social Welfare
_c1967
300 _ax,300p.
942 _cTEXL
_hT:3*Y:7:7:7)p5,N67, N67
999 _c1447625
_d1447625